[Event "Open-1"]
[Site "Katowice"]
[Date "2025.05.31"]
[Round "11.20"]
[White "Dobosiewicz, Dawid"]
[Black "Lecki, Leonard"]
[Result "1/2-1/2"]
[BlackElo "2072"]
[WhiteElo "2228"]
[LiveChessVersion "1.4.4"]

1. e4 {[%clk 0:10:03]} c5 {[%clk 0:10:03]} 2. Nc3 {[%clk 0:10:04]} Nc6
{[%clk 0:10:03]} 3. f4 {[%clk 0:10:05]} g6 {[%clk 0:10:04]} 4. Nf3
{[%clk 0:10:06]} Bg7 {[%clk 0:10:05]} 5. Bb5 {[%clk 0:10:07]} Nd4
{[%clk 0:10:05]} 6. O-O {[%clk 0:10:07]} e6 {[%clk 0:09:57]} 7. e5
{[%clk 0:10:02]} Ne7 {[%clk 0:09:39]} 8. Nxd4 {[%clk 0:09:15]} cxd4
{[%clk 0:09:40]} 9. Ne4 {[%clk 0:09:15]} O-O {[%clk 0:09:37]} 10. b3
{[%clk 0:09:10]} a6 {[%clk 0:08:33]} 11. Bd3 {[%clk 0:09:08]} d5 {[%clk 0:07:49]}
12. Ng5 {[%clk 0:07:29]} Nc6 {[%clk 0:07:42]} 13. Bb2 {[%clk 0:07:15]} Nxe5
{[%clk 0:07:18]} 14. Bxd4 {[%clk 0:05:40]} Nxd3 {[%clk 0:06:35]} 15. Bxg7
{[%clk 0:05:40]} Kxg7 {[%clk 0:06:20]} 16. cxd3 {[%clk 0:05:41]} e5
{[%clk 0:06:19]} 17. Qe1 {[%clk 0:03:33]} f6 {[%clk 0:05:32]} 18. Nf3
{[%clk 0:03:16]} Qb6+ {[%clk 0:05:29]} 19. Qf2 {[%clk 0:02:51]} Qxf2+
{[%clk 0:03:59]} 20. Kxf2 {[%clk 0:02:51]} Bf5 {[%clk 0:03:47]} 21. fxe5
{[%clk 0:02:37]} fxe5 {[%clk 0:03:48]} 22. Rfe1 {[%clk 0:01:15]} e4
{[%clk 0:02:40]} 23. dxe4 {[%clk 0:01:07]} dxe4 {[%clk 0:02:41]} 24. Nd4
{[%clk 0:01:08]} Rad8 {[%clk 0:02:30]} 1/2-1/2

[Event "Open-1"]
[Site "Katowice"]
[Date "2025.05.31"]
[Round "11.21"]
[White "Krawczyk, Flawian"]
[Black "Kania, Franciszek"]
[Result "1-0"]
[BlackElo "2034"]
[WhiteElo "2223"]
[LiveChessVersion "1.4.4"]

1. d4 {[%clk 0:10:03]} g6 {[%clk 0:10:02]} 2. e4 {[%clk 0:09:49]} Bg7
{[%clk 0:10:01]} 3. Nc3 {[%clk 0:09:50]} d6 {[%clk 0:10:00]} 4. Be3
{[%clk 0:09:47]} a6 {[%clk 0:09:58]} 5. Bd3 {[%clk 0:09:37]} b5 {[%clk 0:09:53]}
6. Qd2 {[%clk 0:09:36]} Bb7 {[%clk 0:09:36]} 7. f3 {[%clk 0:09:35]} Nd7
{[%clk 0:09:33]} 8. Nce2 {[%clk 0:09:01]} c5 {[%clk 0:09:06]} 9. c3
{[%clk 0:09:02]} Ngf6 {[%clk 0:08:47]} 10. Nh3 {[%clk 0:09:01]} O-O
{[%clk 0:08:36]} 11. Nf2 {[%clk 0:09:01]} e5 {[%clk 0:08:16]} 12. d5
{[%clk 0:09:01]} Nh5 {[%clk 0:07:18]} 13. g4 {[%clk 0:08:58]} Nf4
{[%clk 0:07:08]} 14. Nxf4 {[%clk 0:08:53]} exf4 {[%clk 0:07:08]} 15. Bxf4
{[%clk 0:08:53]} Ne5 {[%clk 0:06:59]} 16. Be2 {[%clk 0:08:54]} f5
{[%clk 0:05:57]} 17. gxf5 {[%clk 0:08:49]} gxf5 {[%clk 0:05:58]} 18. Rg1
{[%clk 0:08:21]} Ng6 {[%clk 0:04:52]} 19. Bg5 {[%clk 0:08:15]} Qe8
{[%clk 0:04:39]} 20. h4 {[%clk 0:07:06]} Kh8 {[%clk 0:04:07]} 21. h5
{[%clk 0:07:05]} Ne5 {[%clk 0:03:14]} 22. O-O-O {[%clk 0:06:45]} b4
{[%clk 0:02:25]} 23. cxb4 {[%clk 0:06:36]} cxb4 {[%clk 0:02:18]} 24. h6
{[%clk 0:06:33]} Bf6 {[%clk 0:02:17]} 25. Bxf6+ {[%clk 0:06:30]} Rxf6
{[%clk 0:02:18]} 26. f4 {[%clk 0:06:26]} Nd7 {[%clk 0:01:30]} 27. Qd4
{[%clk 0:06:23]} Qc8+ {[%clk 0:01:14]} 28. Kb1 {[%clk 0:06:24]} Qc5
{[%clk 0:01:15]} 29. Rg7 {[%clk 0:05:29]} Qxd4 {[%clk 0:00:44]} 30. Rxd4
{[%clk 0:05:29]} Nc5 {[%clk 0:00:33]} 31. Nd3 {[%clk 0:03:55]} Rxh6 32. Rc7
{[%clk 0:03:51]} fxe4 {[%clk 0:00:08]} 33. Nxc5 {[%clk 0:03:41]} dxc5
{[%clk 0:00:09]} 34. Rxc5 {[%clk 0:03:42]} Rh2 {[%clk 0:00:06]} 35. Rxe4
{[%clk 0:03:38]} Rg8 {[%clk 0:00:05]} 36. Kc2 {[%clk 0:03:26]} Bc8
{[%clk 0:00:05]} 37. Kd2 {[%clk 0:03:20]} Bg4 {[%clk 0:00:04]} 38. d6
{[%clk 0:03:12]} Rd8 {[%clk 0:00:03]} 39. Ke1 {[%clk 0:02:42]} Bxe2
{[%clk 0:00:03]} 40. Rxe2 {[%clk 0:02:42]} Rxe2+ {[%clk 0:00:03]} 41. Kxe2
{[%clk 0:02:43]} Rxd6 {[%clk 0:00:04]} 42. Rc7 {[%clk 0:02:37]} Rb6
{[%clk 0:00:03]} 43. Ke3 {[%clk 0:02:37]} h5 {[%clk 0:00:04]} 44. Ke4
{[%clk 0:02:38]} Kg8 {[%clk 0:00:03]} 45. f5 {[%clk 0:02:39]} a5 {[%clk 0:00:03]}
46. Kf4 {[%clk 0:02:39]} Rd6 {[%clk 0:00:04]} 47. Kg5 {[%clk 0:02:40]} Rd2
{[%clk 0:00:04]} 48. b3 {[%clk 0:02:34]} Rxa2 {[%clk 0:00:04]} 49. Kxh5
{[%clk 0:02:35]} a4 {[%clk 0:00:05]} 50. bxa4 {[%clk 0:02:30]} b3
{[%clk 0:00:06]} 51. Kg6 {[%clk 0:02:23]} Rg2+ {[%clk 0:00:04]} 52. Kf6
{[%clk 0:02:24]} b2 {[%clk 0:00:05]} 53. Rb7 {[%clk 0:02:25]} Rg4
{[%clk 0:00:04]} 54. a5 {[%clk 0:02:26]} Ra4 {[%clk 0:00:04]} 55. Kg6
{[%clk 0:02:13]} Kf8 {[%clk 0:00:03]} 56. Rb8+ {[%clk 0:01:53]} Ke7
{[%clk 0:00:04]} 57. Rxb2 {[%clk 0:01:54]} Rxa5 {[%clk 0:00:03]} 58. f6+
{[%clk 0:01:55]} Ke6 {[%clk 0:00:00]} 1-0

[Event "Open-1"]
[Site "Katowice"]
[Date "2025.05.31"]
[Round "11.22"]
[White "Kosiorek, Marek"]
[Black "Musial, Igor"]
[Result "1-0"]
[BlackElo "2137"]
[WhiteElo "2328"]
[LiveChessVersion "1.4.4"]

1. e4 {[%clk 0:10:02]} c5 {[%clk 0:10:03]} 2. Nf3 {[%clk 0:10:02]} d6
{[%clk 0:10:04]} 3. c3 {[%clk 0:10:02]} Nf6 {[%clk 0:10:04]} 4. Bd3
{[%clk 0:10:02]} g6 {[%clk 0:09:56]} 5. Bc2 {[%clk 0:10:02]} Bg7 {[%clk 0:09:45]}
6. h3 {[%clk 0:10:02]} O-O {[%clk 0:09:30]} 7. O-O {[%clk 0:09:45]} Nc6
{[%clk 0:09:03]} 8. d4 {[%clk 0:09:45]} e5 {[%clk 0:08:57]} 9. dxc5
{[%clk 0:07:47]} dxc5 {[%clk 0:08:57]} 10. Be3 {[%clk 0:07:43]} Qe7
{[%clk 0:08:33]} 11. Nbd2 {[%clk 0:07:21]} b6 {[%clk 0:08:33]} 12. Qe2
{[%clk 0:06:50]} Bb7 {[%clk 0:08:21]} 13. Rfd1 {[%clk 0:06:46]} Rac8
{[%clk 0:08:16]} 14. Bd3 {[%clk 0:05:57]} Rfd8 {[%clk 0:08:01]} 15. Ba6
{[%clk 0:05:57]} Bxa6 {[%clk 0:07:02]} 16. Qxa6 {[%clk 0:05:56]} Rc7
{[%clk 0:07:03]} 17. Bg5 {[%clk 0:05:13]} Rcd7 {[%clk 0:06:50]} 18. Qa4
{[%clk 0:04:54]} Qe6 {[%clk 0:06:36]} 19. a3 {[%clk 0:04:21]} Na5
{[%clk 0:05:54]} 20. Bxf6 {[%clk 0:03:50]} Bxf6 {[%clk 0:05:54]} 21. Nf1
{[%clk 0:03:49]} Nc4 {[%clk 0:04:51]} 22. Rxd7 {[%clk 0:03:44]} Rxd7
{[%clk 0:04:52]} 23. Qc2 {[%clk 0:03:26]} b5 {[%clk 0:04:12]} 24. a4
{[%clk 0:03:11]} bxa4 {[%clk 0:03:57]} 25. Rxa4 {[%clk 0:03:11]} Rb7
{[%clk 0:03:57]} 26. b3 {[%clk 0:03:02]} Nb6 {[%clk 0:02:55]} 27. Ra3
{[%clk 0:02:56]} c4 {[%clk 0:02:56]} 28. b4 {[%clk 0:02:55]} Rd7 {[%clk 0:02:57]}
29. Ne3 {[%clk 0:02:49]} Qc6 {[%clk 0:02:59]} 30. Ra5 {[%clk 0:02:43]} Rd3
{[%clk 0:01:56]} 31. Ng4 {[%clk 0:02:18]} Nd7 {[%clk 0:01:20]} 32. Rxa7
{[%clk 0:02:09]} Qd6 {[%clk 0:01:11]} 33. Rxd7 {[%clk 0:02:08]} 1-0

[Event "Open-1"]
[Site "Katowice"]
[Date "2025.05.31"]
[Round "11.23"]
[White "Turski, Bartlomiej"]
[Black "Wilk, Krzysztof"]
[Result "1-0"]
[BlackElo "2133"]
[WhiteElo "2272"]
[LiveChessVersion "1.4.4"]

1. e4 {[%clk 0:09:52]} c6 {[%clk 0:10:04]} 2. d4 {[%clk 0:09:54]} d5
{[%clk 0:10:05]} 3. exd5 {[%clk 0:09:55]} cxd5 {[%clk 0:10:07]} 4. Bd3
{[%clk 0:09:56]} Nc6 {[%clk 0:10:08]} 5. c3 {[%clk 0:09:58]} g6 {[%clk 0:10:07]}
6. h3 {[%clk 0:09:54]} Bf5 {[%clk 0:10:08]} 7. Be2 {[%clk 0:09:55]} Nf6
{[%clk 0:10:09]} 8. Nf3 {[%clk 0:09:56]} Bg7 {[%clk 0:09:58]} 9. Bf4
{[%clk 0:09:56]} O-O {[%clk 0:09:54]} 10. O-O {[%clk 0:09:56]} Re8
{[%clk 0:09:55]} 11. Re1 {[%clk 0:09:57]} Ne4 {[%clk 0:09:54]} 12. Nbd2
{[%clk 0:09:56]} Rc8 {[%clk 0:09:19]} 13. Bf1 {[%clk 0:09:42]} Nxd2
{[%clk 0:09:00]} 14. Qxd2 {[%clk 0:09:42]} Be4 {[%clk 0:08:07]} 15. Ng5
{[%clk 0:09:27]} Bf5 {[%clk 0:08:08]} 16. h4 {[%clk 0:09:12]} f6 {[%clk 0:07:44]}
17. Ne6 {[%clk 0:09:11]} Bxe6 {[%clk 0:07:36]} 18. Rxe6 {[%clk 0:09:12]} Qd7
{[%clk 0:07:38]} 19. Rae1 {[%clk 0:09:12]} Ne5 {[%clk 0:07:16]} 20. dxe5
{[%clk 0:07:33]} Qxe6 21. exf6 {[%clk 0:07:31]} Qxf6 {[%clk 0:07:12]} 22. Be5
{[%clk 0:07:08]} Qc6 {[%clk 0:07:01]} 23. h5 {[%clk 0:07:09]} Rcd8
{[%clk 0:06:45]} 24. Bxg7 {[%clk 0:06:46]} Kxg7 {[%clk 0:06:45]} 25. h6+
{[%clk 0:06:46]} Kg8 {[%clk 0:06:35]} 26. Qd4 {[%clk 0:06:47]} Qf6
{[%clk 0:06:30]} 27. Qxa7 {[%clk 0:06:47]} b6 {[%clk 0:05:55]} 28. g3
{[%clk 0:06:05]} e5 {[%clk 0:04:27]} 29. Bg2 {[%clk 0:05:46]} e4 {[%clk 0:04:17]}
30. Rd1 {[%clk 0:05:04]} d4 {[%clk 0:03:46]} 31. Qc7 {[%clk 0:03:19]} e3
{[%clk 0:02:44]} 32. fxe3 {[%clk 0:03:08]} dxe3 {[%clk 0:02:45]} 33. Rf1
{[%clk 0:03:09]} Qe7 {[%clk 0:02:25]} 34. Qc4+ {[%clk 0:02:16]} Qe6
{[%clk 0:02:21]} 35. Qc7 {[%clk 0:00:43]} Rd7 {[%clk 0:01:53]} 36. Qc6
{[%clk 0:00:44]} e2 {[%clk 0:01:43]} 37. Re1 {[%clk 0:00:45]} Rd1
{[%clk 0:01:22]} 38. Qxe6+ {[%clk 0:00:39]} Rxe6 {[%clk 0:01:23]} 39. Kf2
{[%clk 0:00:40]} Rd2 {[%clk 0:01:19]} 40. Bf3 {[%clk 0:00:38]} Kf8
{[%clk 0:01:15]} 41. b4 {[%clk 0:00:36]} Rxa2 {[%clk 0:01:08]} 42. Bd5
{[%clk 0:00:21]} Rf6+ {[%clk 0:01:10]} 43. Ke3 {[%clk 0:00:23]} g5
{[%clk 0:01:02]} 44. Bxa2 {[%clk 0:00:24]} 1-0

[Event "Open-1"]
[Site "Katowice"]
[Date "2025.05.31"]
[Round "11.24"]
[White "Skawinski, Arkadiusz"]
[Black "Ochedzan, Tymon"]
[Result "0-1"]
[BlackElo "2118"]
[WhiteElo "2269"]
[LiveChessVersion "1.4.4"]

1. e4 {[%clk 0:10:03]} e6 {[%clk 0:10:01]} 2. d3 {[%clk 0:10:03]} d5
{[%clk 0:10:02]} 3. Qe2 {[%clk 0:10:04]} Nf6 {[%clk 0:09:53]} 4. Nf3
{[%clk 0:10:03]} dxe4 {[%clk 0:09:37]} 5. dxe4 {[%clk 0:10:03]} Be7
{[%clk 0:09:25]} 6. e5 {[%clk 0:09:05]} Nd5 {[%clk 0:09:19]} 7. a3
{[%clk 0:08:42]} O-O {[%clk 0:08:58]} 8. c4 {[%clk 0:08:42]} Nb6 {[%clk 0:08:57]}
9. Nc3 {[%clk 0:08:41]} Nc6 {[%clk 0:08:17]} 10. b4 {[%clk 0:08:19]} f6
{[%clk 0:07:43]} 11. Bb2 {[%clk 0:05:34]} fxe5 {[%clk 0:06:55]} 12. Nxe5
{[%clk 0:05:10]} Nxe5 13. Qxe5 {[%clk 0:05:10]} Bf6 {[%clk 0:06:02]} 14. Qg3
{[%clk 0:05:10]} Bh4 {[%clk 0:05:35]} 15. Qd3 {[%clk 0:04:31]} Bxf2+
{[%clk 0:05:23]} 16. Ke2 {[%clk 0:04:32]} e5 {[%clk 0:04:39]} 17. h3
{[%clk 0:02:41]} Be6 {[%clk 0:04:39]} 18. Nd5 {[%clk 0:02:05]} Nxc4
{[%clk 0:04:31]} 19. Qxc4 {[%clk 0:02:05]} Bxd5 {[%clk 0:04:30]} 20. Qc2
{[%clk 0:02:01]} Qh4 21. Ke1 0-1

[Event "Open-1"]
[Site "Katowice"]
[Date "2025.05.31"]
[Round "11.25"]
[White "Hnydiuk, Aleksander"]
[Black "Nakonechnyi, Oleksii"]
[Result "1-0"]
[BlackElo "2108"]
[WhiteElo "2264"]
[LiveChessVersion "1.4.4"]

1. e4 {[%clk 0:10:02]} c5 {[%clk 0:10:04]} 2. Nf3 {[%clk 0:10:03]} d6
{[%clk 0:10:05]} 3. Bb5+ {[%clk 0:10:04]} Nd7 {[%clk 0:10:06]} 4. O-O
{[%clk 0:10:01]} Ngf6 {[%clk 0:10:07]} 5. Re1 {[%clk 0:10:01]} a6
{[%clk 0:10:07]} 6. Bxd7+ {[%clk 0:10:00]} Bxd7 {[%clk 0:10:07]} 7. c3
{[%clk 0:10:01]} g6 {[%clk 0:10:05]} 8. d4 {[%clk 0:10:01]} cxd4 {[%clk 0:10:04]}
9. cxd4 {[%clk 0:10:02]} d5 {[%clk 0:09:56]} 10. exd5 {[%clk 0:09:37]} Nxd5
{[%clk 0:09:55]} 11. Nc3 {[%clk 0:09:38]} Nxc3 {[%clk 0:09:32]} 12. bxc3
{[%clk 0:09:39]} Bg7 {[%clk 0:09:33]} 13. Bg5 {[%clk 0:07:59]} f6
{[%clk 0:09:10]} 14. Bf4 {[%clk 0:07:54]} Bc6 {[%clk 0:09:08]} 15. c4
{[%clk 0:07:44]} O-O {[%clk 0:09:02]} 16. d5 {[%clk 0:07:42]} Bd7
{[%clk 0:09:02]} 17. c5 {[%clk 0:07:14]} Rf7 {[%clk 0:08:37]} 18. Qb3
{[%clk 0:07:02]} Qc8 {[%clk 0:08:34]} 19. Rac1 {[%clk 0:06:58]} Bg4
{[%clk 0:08:06]} 20. Nd4 {[%clk 0:06:46]} Qd7 {[%clk 0:07:53]} 21. h3
{[%clk 0:06:36]} Bh5 {[%clk 0:07:47]} 22. Ne6 {[%clk 0:04:56]} Rc8
{[%clk 0:07:15]} 23. c6 {[%clk 0:02:47]} bxc6 {[%clk 0:07:07]} 24. dxc6
{[%clk 0:02:48]} Qe8 {[%clk 0:06:58]} 25. c7 {[%clk 0:02:37]} g5 {[%clk 0:06:54]}
26. Bg3 {[%clk 0:02:31]} h6 {[%clk 0:06:10]} 27. Red1 {[%clk 0:01:35]} Bxd1
{[%clk 0:05:55]} 28. Rxd1 {[%clk 0:01:36]} Qc6 {[%clk 0:05:15]} 29. Rd8+
{[%clk 0:01:32]} Kh7 {[%clk 0:05:16]} 30. Rxc8 {[%clk 0:01:23]} f5
{[%clk 0:05:17]} 31. Nxg5+ {[%clk 0:01:11]} hxg5 {[%clk 0:05:16]} 32. Qxf7
{[%clk 0:01:11]} f4 {[%clk 0:05:17]} 33. Rg8 {[%clk 0:00:39]} Qc1+
{[%clk 0:05:12]} 34. Kh2 {[%clk 0:00:40]} fxg3+ {[%clk 0:05:13]} 35. fxg3
{[%clk 0:00:41]} 1-0

[Event "Open-1"]
[Site "Katowice"]
[Date "2025.05.31"]
[Round "11.26"]
[White "Zawadzka, Jolanta"]
[Black "Lach, Aleksandra"]
[Result "0-1"]
[BlackElo "2102"]
[WhiteElo "2264"]
[LiveChessVersion "1.4.4"]

1. e4 {[%clk 0:10:02]} c5 {[%clk 0:10:00]} 2. Nf3 {[%clk 0:10:03]} g6
{[%clk 0:09:56]} 3. c3 {[%clk 0:10:02]} Bg7 {[%clk 0:09:54]} 4. d4
{[%clk 0:10:02]} cxd4 {[%clk 0:09:54]} 5. cxd4 {[%clk 0:10:03]} d5
{[%clk 0:09:55]} 6. e5 {[%clk 0:10:03]} Nc6 {[%clk 0:09:39]} 7. Bb5
{[%clk 0:09:58]} Nh6 {[%clk 0:08:44]} 8. O-O {[%clk 0:09:55]} O-O
{[%clk 0:08:42]} 9. Bxc6 {[%clk 0:09:55]} bxc6 {[%clk 0:08:43]} 10. Nc3
{[%clk 0:09:52]} Bg4 {[%clk 0:08:35]} 11. h3 {[%clk 0:09:35]} Bxf3
{[%clk 0:08:28]} 12. Qxf3 {[%clk 0:09:34]} Nf5 {[%clk 0:08:24]} 13. Rd1
{[%clk 0:09:07]} Qb6 {[%clk 0:08:14]} 14. Na4 {[%clk 0:08:30]} Qb4
{[%clk 0:07:54]} 15. Qb3 {[%clk 0:08:04]} Rfb8 {[%clk 0:07:29]} 16. Nc5
{[%clk 0:04:27]} Nxd4 {[%clk 0:07:10]} 17. Qxb4 {[%clk 0:04:02]} Rxb4
{[%clk 0:07:10]} 18. Nd3 {[%clk 0:03:50]} Rbb8 {[%clk 0:05:31]} 19. Bd2
{[%clk 0:03:24]} e6 {[%clk 0:04:56]} 20. Kf1 {[%clk 0:03:13]} Bf8
{[%clk 0:03:44]} 21. Rac1 {[%clk 0:03:09]} Rc8 {[%clk 0:03:21]} 22. Be3
{[%clk 0:02:32]} Nf5 {[%clk 0:03:16]} 23. Bc5 {[%clk 0:02:31]} Bxc5
{[%clk 0:02:48]} 24. Rxc5 {[%clk 0:02:28]} Rab8 {[%clk 0:02:49]} 25. Rdc1
{[%clk 0:02:24]} Ne7 {[%clk 0:02:42]} 26. Ra5 {[%clk 0:02:13]} Rc7
{[%clk 0:02:35]} 27. b4 {[%clk 0:02:08]} Rbb7 {[%clk 0:02:18]} 28. Nc5
{[%clk 0:01:38]} Rb5 {[%clk 0:02:08]} 29. Ra3 {[%clk 0:01:21]} Kf8
{[%clk 0:01:41]} 30. Rb3 {[%clk 0:00:28]} a5 {[%clk 0:01:35]} 31. bxa5
{[%clk 0:00:26]} Rxa5 {[%clk 0:01:34]} 32. Rb8+ {[%clk 0:00:24]} Kg7
{[%clk 0:01:23]} 33. a4 {[%clk 0:00:21]} g5 {[%clk 0:00:54]} 34. Ke2
{[%clk 0:00:20]} Ng6 {[%clk 0:00:55]} 35. Nd3 {[%clk 0:00:15]} Rxa4
{[%clk 0:00:54]} 36. Rb6 {[%clk 0:00:15]} c5 {[%clk 0:00:52]} 37. Nxc5
{[%clk 0:00:13]} Rc4 {[%clk 0:00:44]} 38. Rxc4 {[%clk 0:00:11]} dxc4
{[%clk 0:00:45]} 39. Ne4 {[%clk 0:00:07]} Nxe5 {[%clk 0:00:41]} 40. Rb5
{[%clk 0:00:07]} f6 {[%clk 0:00:40]} 41. Nxg5 {[%clk 0:00:07]} Rc6
{[%clk 0:00:10]} 42. Ne4 {[%clk 0:00:06]} c3 {[%clk 0:00:06]} 43. Rc5
{[%clk 0:00:06]} Rxc5 {[%clk 0:00:05]} 44. Nxc5 {[%clk 0:00:06]} Kf7
{[%clk 0:00:07]} 45. Ne4 {[%clk 0:00:05]} c2 {[%clk 0:00:06]} 46. Kd2
{[%clk 0:00:06]} Nd3 {[%clk 0:00:05]} 47. Kxc2 {[%clk 0:00:05]} Ne1+
{[%clk 0:00:06]} 48. Kd2 {[%clk 0:00:06]} Nxg2 {[%clk 0:00:07]} 49. Ng3
{[%clk 0:00:05]} Nf4 {[%clk 0:00:06]} 50. h4 {[%clk 0:00:06]} h5 {[%clk 0:00:06]}
51. Ke1 {[%clk 0:00:05]} Ng2+ {[%clk 0:00:07]} 52. Ke2 {[%clk 0:00:05]} Nf4+
{[%clk 0:00:08]} 53. Kf3 {[%clk 0:00:06]} e5 {[%clk 0:00:10]} 54. Nf5
{[%clk 0:00:06]} Ng6 {[%clk 0:00:07]} 55. Ke4 {[%clk 0:00:05]} Nf4
{[%clk 0:00:05]} 56. Ng3 {[%clk 0:00:05]} Kg6 {[%clk 0:00:06]} 57. Nf5
{[%clk 0:00:03]} Ng2 {[%clk 0:00:06]} 58. Ne7+ {[%clk 0:00:04]} Kf7
{[%clk 0:00:07]} 59. Nf5 {[%clk 0:00:05]} Kg6 {[%clk 0:00:06]} 60. Ne7+
{[%clk 0:00:06]} Kf7 {[%clk 0:00:04]} 61. Nf5 {[%clk 0:00:07]} Nf4
{[%clk 0:00:03]} 62. Ng3 {[%clk 0:00:07]} Kg6 63. Nf5 {[%clk 0:00:07]} Ne6
{[%clk 0:00:05]} 64. Ng3 {[%clk 0:00:08]} Ng7 {[%clk 0:00:06]} 65. Kd5
{[%clk 0:00:07]} Kf7 {[%clk 0:00:05]} 66. Ke4 {[%clk 0:00:08]} Ke6
{[%clk 0:00:06]} 67. Ke3 {[%clk 0:00:06]} f5 {[%clk 0:00:08]} 68. f3
{[%clk 0:00:04]} f4+ {[%clk 0:00:09]} 69. Kf2 {[%clk 0:00:05]} fxg3+
{[%clk 0:00:10]} 0-1

[Event "Open-1"]
[Site "Katowice"]
[Date "2025.05.31"]
[Round "11.27"]
[White "Pycinski, Wladyslaw"]
[Black "Masternak, Aleksander"]
[Result "1-0"]
[BlackElo "2095"]
[WhiteElo "2263"]
[LiveChessVersion "1.4.4"]

1. e4 {[%clk 0:10:03]} e5 {[%clk 0:10:01]} 2. Nf3 {[%clk 0:10:04]} Nc6
{[%clk 0:10:02]} 3. d4 {[%clk 0:09:59]} exd4 {[%clk 0:09:59]} 4. Nxd4
{[%clk 0:09:59]} Nf6 {[%clk 0:09:54]} 5. Nxc6 {[%clk 0:10:00]} bxc6
{[%clk 0:09:55]} 6. Bd3 {[%clk 0:10:00]} d6 {[%clk 0:09:54]} 7. O-O
{[%clk 0:09:56]} g6 {[%clk 0:09:50]} 8. Nc3 {[%clk 0:09:01]} Bg7 {[%clk 0:09:50]}
9. Bg5 {[%clk 0:08:58]} h6 {[%clk 0:09:13]} 10. Bd2 {[%clk 0:08:59]} O-O
{[%clk 0:09:11]} 11. h3 {[%clk 0:08:58]} Rb8 {[%clk 0:08:46]} 12. b3
{[%clk 0:08:58]} Nd7 {[%clk 0:07:20]} 13. f4 {[%clk 0:08:55]} Nc5
{[%clk 0:07:11]} 14. Qf3 {[%clk 0:08:51]} Nxd3 {[%clk 0:06:55]} 15. cxd3
{[%clk 0:08:52]} Qf6 {[%clk 0:04:08]} 16. Rac1 {[%clk 0:08:40]} Qd4+
{[%clk 0:03:41]} 17. Kh1 {[%clk 0:08:40]} Ba6 {[%clk 0:03:37]} 18. Rfd1
{[%clk 0:07:52]} d5 {[%clk 0:02:49]} 19. exd5 {[%clk 0:07:12]} Qxd3
{[%clk 0:02:24]} 20. Qxd3 {[%clk 0:07:11]} Bxd3 {[%clk 0:02:25]} 21. dxc6
{[%clk 0:07:12]} Rfe8 {[%clk 0:02:00]} 22. Re1 {[%clk 0:06:18]} Rbd8
{[%clk 0:01:34]} 23. Rxe8+ {[%clk 0:06:14]} Rxe8 {[%clk 0:01:35]} 24. Nd5
{[%clk 0:05:50]} Re2 {[%clk 0:01:30]} 25. Bc3 {[%clk 0:00:35]} Be4
{[%clk 0:01:10]} 26. Bxg7 {[%clk 0:00:36]} Kxg7 {[%clk 0:01:01]} 27. Nc3
{[%clk 0:00:32]} Bxg2+ {[%clk 0:00:55]} 28. Kg1 {[%clk 0:00:22]} Rb2
{[%clk 0:00:49]} 29. Nb5 {[%clk 0:00:19]} Bxh3 {[%clk 0:00:23]} 30. Rc3
{[%clk 0:00:07]} Bf5 {[%clk 0:00:18]} 31. Nxc7 {[%clk 0:00:08]} h5
{[%clk 0:00:13]} 32. Ne8+ {[%clk 0:00:07]} Kh6 {[%clk 0:00:09]} 33. Nd6
{[%clk 0:00:07]} Be6 {[%clk 0:00:09]} 34. c7 {[%clk 0:00:08]} Rxa2
{[%clk 0:00:08]} 35. c8=Q Bxc8 {[%clk 0:00:08]} 36. Rxc8 {[%clk 0:00:07]} f6
{[%clk 0:00:07]} 37. Rc7 {[%clk 0:00:07]} h4 {[%clk 0:00:04]} 38. Ne8
{[%clk 0:00:07]} Kh5 {[%clk 0:00:00]} 1-0

[Event "Open-1"]
[Site "Katowice"]
[Date "2025.05.31"]
[Round "11.28"]
[White "Grochol, Kamil"]
[Black "Piekielny, Pawel"]
[Result "0-1"]
[BlackElo "2262"]
[WhiteElo "2107"]
[LiveChessVersion "1.4.4"]

1. d4 {[%clk 0:10:02]} d5 {[%clk 0:10:03]} 2. Bf4 {[%clk 0:10:00]} Nf6
{[%clk 0:10:03]} 3. e3 {[%clk 0:10:00]} c5 {[%clk 0:10:02]} 4. c3
{[%clk 0:09:57]} Nc6 {[%clk 0:10:01]} 5. Nd2 {[%clk 0:09:57]} Qb6
{[%clk 0:08:41]} 6. Qb3 {[%clk 0:09:52]} Qxb3 {[%clk 0:08:33]} 7. axb3
{[%clk 0:09:51]} cxd4 {[%clk 0:08:27]} 8. exd4 {[%clk 0:09:50]} g6
{[%clk 0:06:08]} 9. b4 {[%clk 0:09:34]} Bg7 {[%clk 0:06:02]} 10. Ngf3
{[%clk 0:09:09]} O-O {[%clk 0:06:01]} 11. Be2 {[%clk 0:08:08]} Bg4
{[%clk 0:04:46]} 12. Ne5 {[%clk 0:06:32]} Bxe2 {[%clk 0:04:31]} 13. Nxc6
{[%clk 0:06:01]} Bd3 {[%clk 0:03:39]} 14. Nxe7+ {[%clk 0:04:40]} Kh8
{[%clk 0:03:40]} 15. O-O-O {[%clk 0:04:39]} a5 {[%clk 0:02:50]} 16. bxa5
{[%clk 0:04:35]} Bb5 {[%clk 0:01:59]} 17. Bc7 {[%clk 0:02:43]} Ng4
{[%clk 0:01:51]} 18. Bg3 {[%clk 0:00:29]} Rxa5 {[%clk 0:01:50]} 19. h3
{[%clk 0:00:25]} Nf6 {[%clk 0:01:42]} 20. Kc2 {[%clk 0:00:25]} Re8
{[%clk 0:00:38]} 21. Rhe1 {[%clk 0:00:25]} Ra6 {[%clk 0:00:34]} 22. Bh4
{[%clk 0:00:13]} Re6 {[%clk 0:00:29]} 23. Rxe6 {[%clk 0:00:04]} fxe6
{[%clk 0:00:30]} 24. c4 {[%clk 0:00:03]} dxc4 {[%clk 0:00:25]} 25. d5
{[%clk 0:00:00]} 0-1